A Comparative Study of the bearing capacity from the plate load test and bearing capacity equations for predominantly cohesive soils (Record no. 551355)
[ view plain ]
| 000 -LEADER | |
|---|---|
| fixed length control field | 00489nam a22001457a 4500 |
| 082 ## - DEWEY DECIMAL CLASSIFICATION NUMBER | |
| Classification number | T-32 |
| 100 ## - MAIN ENTRY--PERSONAL NAME | |
| Personal name | Muhammad Zafar Amin |
| 9 (RLIN) | 48390 |
| 245 ## - TITLE STATEMENT | |
| Title | A Comparative Study of the bearing capacity from the plate load test and bearing capacity equations for predominantly cohesive soils |
| Statement of responsibility, etc. | Muhammad Zafar Amin |
| 260 ## - PUBLICATION, DISTRIBUTION, ETC. | |
| Place of publication, distribution, etc. | Risalpur |
| Name of publisher, distributor, etc. | MCE |
| Date of publication, distribution, etc. | 18-3-1996 |
| 300 ## - PHYSICAL DESCRIPTION | |
| Extent | 165p.: |
| Dimensions | 40cm. |
| 526 ## - STUDY PROGRAM INFORMATION NOTE | |
| Program name | 0 |
| Interest level | 0 |
| Reading level | 0 |
| Title point value | T_32 |
| 650 ## - SUBJECT ADDED ENTRY--TOPICAL TERM | |
| Topical term or geographic name entry element | Thesis |
| 9 (RLIN) | 34811 |
| 700 ## - ADDED ENTRY--PERSONAL NAME | |
| Personal name | Syed Muhammad jamil |
| 9 (RLIN) | 48391 |
| 942 ## - ADDED ENTRY ELEMENTS (KOHA) | |
| Source of classification or shelving scheme | |
| Koha item type | Book |
| Withdrawn status | Lost status | Source of classification or shelving scheme | Damaged status | Not for loan | Permanent Location | Current Location | Date acquired | Total Checkouts | Full call number | Barcode | Date last seen | Price effective from | Koha item type | Public note |
|---|---|---|---|---|---|---|---|---|---|---|---|---|---|---|
| Military College of Engineering (MCE) | Military College of Engineering (MCE) | 12/11/2014 | T-32 | MCE-T-32 | 12/11/2014 | 12/11/2014 | Book | Thesis |
